000 00286nam a22001217a 4500
008 181220b xxu||||| |||| 00| 0 eng d
041 _aeng
080 _a617\
100 _a5
101 _aKIR
245 _aOrthopaedic Anatomy and Surgical Approaches
_cReckling,F.W
942 _2udc
_cBK
999 _c53531
_d53531